[Event "tht Extraliga 16/17,SK Slavoj Poruba-Duras Brno"]
[Site "Poruba"]
[Date "2017.01.28"]
[Round "5.6"]
[White "Roubalik, Jakub"]
[Black "Adamek, Jiri"]
[WhiteElo "2408"]
[BlackElo "2364"]
[Result "0-1"]

1. d4  Nf6  2. Nf3  d6
3. c4  g6  4. Nc3
Bf5  5. Qb3  Qc8
6. h3  Bg7  7. g4
Bd7  8. Bg2  O-O
9. Be3  Nc6  10. Rc1
Na5  11. Qb4  b6
12. Nd5  Re8  13. O-O
c5  14. Nxf6+  Bxf6
15. Qd2  Bc6  16. d5
Bd7  17. Ng5  Qa6
18. b3  b5  19. cxb5
Bxb5  20. Ne4  Bh8
21. f4  c4  22. b4
c3  23. Nxc3  Nc4
24. Qd3  Nxe3  25. Qxe3
Qa3  26. Qf3  Qxb4
27. Nxb5  Qxb5  28. f5
Rf8  29. Kh1  Bf6
30. Qe3  Qb6  31. Qd3
Rac8  32. Rc6  Qa5
33. Rfc1  Rb8  34. Ra6
Qb4  35. Rxa7  Rbc8
36. Rf1  Rc3  37. Qb1
Qd4  38. Rb7  Qd2
39. a4  Qxe2  40. Qd1
Qa2  41. fxg6  hxg6
42. Qe1  Be5  43. Qf2
Qa3  44. Qh4  Rc1
45. Rb1  Rxb1  46. Rxb1
Qxa4  47. Rf1  Bf6
48. Qf2  Qc4  49. Qf3
Qd4  50. Qe4  Qd2
51. Qf4  Qc3  52. Rc1
Qb2  53. Rf1  Be5
54. Qf2  Qc3  55. Rd1
Kg7  56. Rf1  Qd3
57. Qf3  Qd2  58. Rd1
Qg5  59. Rf1  f5
60. gxf5  Rxf5  61. Qg4
Rxf1+  62. Bxf1  Qd2
63. Qg2  Qd1  64. Kg1
Bf4  65. Qe4  Be5
66. Kg2  Qd2+  67. Be2
Qe1  68. Qf3  Bd4
69. Bf1  Qd2+  70. Kh1
Qg5  71. Bg2  Qc1+
72. Bf1  Qd2  73. Bg2
Be5  74. Qf1  Bf4
75. Qf3  Kf6  76. Kg1
Qc1+  77. Bf1  Ke5
78. Kh1  Qc2  79. Qg2
Qd1  80. Kg1  Qd4+
81. Kh1  Qxd5  82. Qxd5+
Kxd5  83. Kg2  g5
84. Kf3  Bc1  85. Ba6
Kd4  86. Bb7  e5
87. Bc6  d5  88. Bb7
e4+  89. Ke2  Ke5
90. Kd1  Ba3  91. Ke2
d4  92. Ba6  Kf4
93. Bb5  d3+  94. Kd1
Ke3  95. Be8  Bb4
96. Bh5  Kd4  97. Bg4
e3  98. Bh5  Ke5
0-1

[Event "tht Extraliga 16/17,SK Slavoj Poruba-Duras Brno"]
[Site "Poruba"]
[Date "2017.01.28"]
[Round "5.7"]
[White "Klima, Lukas"]
[Black "Vyskocil, Neklan"]
[WhiteElo "2360"]
[BlackElo "2324"]
[Result "1/2-1/2"]

1. e4  c5  2. Nf3  Nc6
3. Bb5  g6  4. O-O
Bg7  5. c3  Nf6
6. Re1  O-O  7. h3  Qc7
8. d3  d6  9. Nbd2
Bd7  10. Ba4  Ne5
11. Bc2  Bc6  12. d4
Nxf3+  13. Nxf3  cxd4
14. cxd4  d5  15. e5
Ne4  16. Be3  Rac8
17. Rc1  Qa5  18. a3
Qb5  19. Re2  Qa6
20. Bd3  Bb5  21. Rxc8
Rxc8  22. Rc2  Rc6
23. Ne1  f6  24. Rxc6
bxc6  25. exf6  Nxf6
26. Bxb5  Qxb5  27. Nd3
Ne4  28. b3  Nd6
29. g4  Ne4  30. Qc2
a5  31. a4  Qb6
32. Ne5  Bxe5  33. dxe5  c5
34. f3  d4  35. Qxe4
dxe3  36. Qxe3  Qb4
37. e6  c4  38. bxc4
Qxc4  39. Qe4  Qc1+
40. Kf2  Qd2+  41. Kg3
Qd6+  42. Kh4  Qd2
43. f4  Qb4  44. Qxb4
axb4  45. a5  b3
46. a6  b2  47. a7
b1=Q  48. a8=Q+  Kg7
49. Qa5  h6  50. Qe5+
Kg8  51. f5  Kh7
52. fxg6+  Qxg6  53. Qf5
Kg7  54. Kg3  Qf6
55. Kf4  Qd4+  56. Kg3
Qf6  57. Kf4  Qd4+
58. Qe4  Qf6+  59. Kg3
Qc3+  60. Kf2  Qd2+
61. Kg3 1/2-1/2

[Event "tht Extraliga 16/17,SK Slavoj Poruba-Duras Brno"]
[Site "Poruba"]
[Date "2017.01.28"]
[Round "5.8"]
[White "Chytilek, Roman"]
[Black "Sosna, Jan"]
[WhiteElo "2331"]
[BlackElo "2347"]
[Result "1/2-1/2"]

1. d4  d5  2. c4  e6
3. Nf3  c6  4. Qc2
Nd7  5. Bg5  Be7
6. Bxe7  Qxe7  7. e3
Ngf6  8. Nc3  O-O
9. Bd3  dxc4  10. Bxc4
e5  11. O-O  exd4
12. Nxd4  Ne5  13. Be2
Bg4  14. Bxg4  Nexg4
15. h3  Ne5  16. Qb3
c5  17. Nf5  Qe6
18. Qxe6  fxe6  19. Nd6
b6  20. Rad1  Rfd8
21. f4  Nc6  22. Nc4
Nd5  23. e4  Nxc3
24. bxc3  b5  25. Nd6
Rab8  26. e5  Ne7
27. Rf3  a5  28. Rb1
b4  29. Ne4  Rdc8
30. Nd6  Rc6  31. c4
a4  32. g4  Nc8
33. Ne4  Nb6  34. Nd6  Rf8
35. Kg2  Nc8  36. Ne4 Nb6
1/2-1/2

[Event "tht Extraliga 16/17,Labortech Ostrava-Lokomotiva Brno"]
[Site "Ostrava"]
[Date "2017.01.28"]
[Round "5.1"]
[White "Miton, Kamil"]
[Black "Biolek, Richard"]
[WhiteElo "2612"]
[BlackElo "2434"]
[Result "1-0"]

1. d4  d5  2. c4  Nc6
3. cxd5  Qxd5  4. e3
e5  5. Nc3  Bb4
6. a3  Bxc3+  7. bxc3  Nf6
8. c4  Qd6  9. d5
Ne7  10. Bb2  Ne4
11. Bd3  Nc5  12. Ne2
Nxd3+  13. Qxd3  Qg6
14. Qxg6  Nxg6  15. h4
h5  16. f3  f6
17. Kf2  Bd7  18. a4  Kf7
19. Nc3  Ne7  20. e4
c5  21. Ke3  Nc8
22. Kd3  Nd6  23. g3
Rhe8  24. Bc1  Rac8
25. Be3  Re7  26. a5
Kg6  27. Rhg1  f5
28. Nb1  fxe4+  29. fxe4
Rf7  30. Nd2  Bg4
31. Rgf1  Rfc7  32. Rf2
Kh7  33. Rb1  Kg8
34. Rb2  Rb8  35. Nb1
Rbc8  36. Nc3  Bd7
37. Rb6  axb6  38. axb6
Bb5  39. Nxb5  Rd7
40. Na7  Re8  41. Bxc5
Nf7  42. Kc3  Nh6
43. Bb4  Ng4  44. Rf3
Nf6  45. Kd3  Rf7
46. Bd6  Nd7  47. Rxf7 Kxf7 48.
c5 g5 49. Kc4 gxh4 50. gxh4 Rg8 51. Kb5 Rg1 52. c6 Rb1+ 53. Bb4 bxc6+ 54. dxc6
Nxb6 55. c7 Ke6 56. Kxb6 1-0

[Event "tht Extraliga 16/17,Labortech Ostrava-Lokomotiva Brno"]
[Site "Ostrava"]
[Date "2017.01.28"]
[Round "5.2"]
[White "Druska, Juraj"]
[Black "Jakubiec, Artur"]
[WhiteElo "2441"]
[BlackElo "2496"]
[Result "1-0"]

1. e4  c5  2. Nf3  d6
3. d4  cxd4  4. Nxd4
Nf6  5. Nc3  a6
6. h3  e5  7. Nde2  b5
8. Bg5  Nbd7  9. Nd5
Bb7  10. Nec3  Be7
11. Bxf6  Nxf6  12. Nxf6+
Bxf6  13. a4  b4
14. Nd5  O-O  15. Bc4
Bg5  16. Qd3  a5
17. h4  Be7  18. O-O-O
Rc8  19. Bb3  Bxd5
20. Qxd5  Bxh4  21. Kb1
Be7  22. Rh3  Rc5
23. Qd2  h6  24. Rxh6
Bg5  25. Qxd6  gxh6
26. Qg6+  Kh8  27. Rxd8
fxg6  28. Rxf8+ Kg7 29. Rf7+ Kh8 30. Ra7
Bd2  31. Bf7  Be1
32. f3  h5  33. Bxg6 h4 34. Be8
Rc8  35. Bf7  Rc5
36. Re7  Bg3  37. Kc1
Kg7  38. Bd5+  Kf6
39. Re6+  Kg5  40. Kd2
Rc7  41. Ra6  Bf2
42. Rxa5  Kf4  43. Be6
Kg3  44. Bh3  Bd4
45. Kc1  Kf2  46. Rb5
Rc4  47. a5  Ke2
48. a6  Rc6  49. Rxb4
Rxa6  50. c3  Be3+
51. Kc2  Kf2  52. Rb5
Bf4  53. Rd5  Rg6
54. b4  Rxg2  55. Bxg2
Kxg2  56. Rd8  h3
57. Rh8  h2  58. Kd3
1-0

[Event "tht Extraliga 16/17,Labortech Ostrava-Lokomotiva Brno"]
[Site "Ostrava"]
[Date "2017.01.28"]
[Round "5.3"]
[White "Pakleza, Zbigniew"]
[Black "Burdalev, Kirill"]
[WhiteElo "2480"]
[BlackElo "2339"]
[Result "1-0"]

1. d4  d5  2. Bf4  c6
3. e3  Nf6  4. c4
g6  5. Nc3  Bg7
6. Nf3  O-O  7. h3  Be6
8. Qb3  Qc8  9. Be2
Nbd7  10. O-O  dxc4
11. Bxc4  Bxc4  12. Qxc4
c5  13. Rac1  cxd4
14. Qxd4  Nh5  15. Qb4
Nxf4  16. exf4  Nb6
17. Qxe7  Re8  18. Qg5
h6  19. Qb5  Qd8
20. f5  g5  21. a4
a6  22. Qb3  Qf6
23. a5  Nd7  24. Rfd1
Qxf5  25. Nd5  Rad8
26. Qxb7  Rb8  27. Qa7
Rxb2  28. Ne3  Rxe3
29. Qxe3  Nf8  30. Rc5
Qf6  31. Nd4  Qd6
32. Rc6  Qd8  33. Qd3
Qxa5  34. Nf5  Qa2
35. Rxa6  Qb3  36. Qxb3
Rxb3  37. Nxh6+  Bxh6
38. Rxh6  Ng6  39. Rh5
Rb5  40. g3  Kg7
41. h4  1-0

[Event "tht Extraliga 16/17,Labortech Ostrava-Lokomotiva Brno"]
[Site "Ostrava"]
[Date "2017.01.28"]
[Round "5.4"]
[White "Kratochvil, Josef"]
[Black "Rasik, Vitezslav"]
[WhiteElo "2278"]
[BlackElo "2455"]
[Result "0-1"]

1. e4  d6  2. d4  g6
3. Nc3  Bg7  4. Be3
Nf6  5. Qd2  O-O
6. Bh6  Bxh6  7. Qxh6
c5  8. d5  Qa5
9. f3  Nbd7  10. h4  Ne5
11. Nh3  Bxh3  12. Rxh3
b5  13. h5  b4
14. Nd1  b3+  15. Nc3  bxc2
16. Rc1  Rfb8  17. Rxc2
Rb4  18. Be2  Rab8
19. b3  c4  20. hxg6
fxg6  21. bxc4  Nxc4
22. Kf1  Qc5  23. Nd1
Rb1  24. Bxc4  Rxd1+
25. Ke2  Qg1  26. Qh4
Qxg2+  27. Qf2  Qxf2+
28. Kxf2  Rc8  29. Ke3
Nd7  30. Rhh2  Ne5
31. Bb5  Re1+  32. Rce2
Rc3+  33. Kd4  Rec1
0-1

[Event "tht Extraliga 16/17,Labortech Ostrava-Lokomotiva Brno"]
[Site "Ostrava"]
[Date "2017.01.28"]
[Round "5.5"]
[White "Kociscak, Jiri"]
[Black "Ramik, Zdenek"]
[WhiteElo "2483"]
[BlackElo "2182"]
[Result "1/2-1/2"]

1. d4  Nf6  2. c4  e6
3. Nf3  b6  4. Bf4
Bb7  5. e3  Bb4+
6. Nfd2  O-O  7. a3
Be7  8. Nc3  c5
9. d5  d6  10. e4  e5
11. Be3  Bc8  12. Be2
Nbd7  13. h4  Ne8
14. g3  Ndf6  15. Nf1
Nc7  16. g4  a6
17. g5  Nfe8  18. a4  Rb8
19. Ng3  Bd7  20. b3
g6  21. Qd2  b5
22. Kf1  bxa4  23. bxa4  f6
24. Kg2  fxg5  25. hxg5
Rb4  26. a5  Qc8
27. Rab1  Rxb1  28. Rxb1
Bh3+  29. Kg1  Bd8
30. Na4  Qd7  31. Nb6
Qf7  32. Kh2  Bd7
33. Rf1  h5  34. f4
exf4  35. Rxf4  Qg7
36. Rxf8+  Kxf8  37. e5
h4  38. Nxd7+  Qxd7
39. Ne4  Qf5  40. Bd3
Qxe5+  41. Bf4  Qd4
42. Nxd6  Nxd5  43. cxd5
Bxa5  44. Qc1  Qxd3
45. Qb2  Qd4  46. Qxd4
cxd4  47. Nb7  Bb4
48. d6  Nxd6  49. Nxd6
Bxd6  1/2-1/2

[Event "tht Extraliga 16/17,Labortech Ostrava-Lokomotiva Brno"]
[Site "Ostrava"]
[Date "2017.01.28"]
[Round "5.6"]
[White "Dvorak, Adam"]
[Black "Velicka, Petr"]
[WhiteElo "2137"]
[BlackElo "2420"]
[Result "1/2-1/2"]

1. d4  d5  2. c4  c6
3. Nc3  Nf6  4. e3
g6  5. cxd5  cxd5
6. Bd3  Bg7  7. Nge2
Nc6  8. Qb3  O-O
9. Nf4  e6  10. h4
h5  11. Bd2  Bd7
12. O-O  Qe7  13. Rfc1
Rfc8  14. Be1  Ng4
15. g3  Rab8  16. a4
Bf8  17. a5  Nb4
18. Be2  Nf6  19. Nd3
Nxd3  20. Bxd3  Rc7
21. Nb5  Bxb5  22. Qxb5
Rbc8  23. Rc3  a6
24. Qb3  Qd7  25. Rac1
Bd6  26. Qb6  Ne4
27. Rxc7  Rxc7  28. Rxc7
Qxc7  29. Qxc7  Bxc7
30. b4  Nd6  31. Kg2
f5  32. f4  Kf7
33. Kf3  Ke8  34. Ke2  Kd7
35. Kd2  Kc6  36. Kc3
Bd8  37. Bd2  Ne4+
38. Bxe4  fxe4  39. Be1
Kd7  40. Kd2  Ke7
41. Ke2  Kf6  42. Kf1
Be7  43. Bd2  Bd6
44. Bc3  Ke7  45. Ke2
Kd7  46. Kd1  Kc6
47. Kc2  b6  48. axb6
Kxb6  49. Kb3  Kb5
50. Bd2  Bc7  51. Bc3
Bd8  52. Bd2  Bb6
53. Bc3  Ba7  54. Bd2
Bb8  55. Bc3  Bd6
56. Bd2  Bf8  57. Bc3
Bg7  58. Bd2  Bf8
1/2-1/2

[Event "tht Extraliga 16/17,Labortech Ostrava-Lokomotiva Brno"]
[Site "Ostrava"]
[Date "2017.01.28"]
[Round "5.7"]
[White "Biolek, Richard"]
[Black "Kratochvil, Karel"]
[WhiteElo "2456"]
[BlackElo "2221"]
[Result "1/2-1/2"]

1. e4  e5  2. Nf3  Nf6
3. Nxe5  d6  4. Nf3
Nxe4  5. Nc3  Nxc3
6. dxc3  Be7  7. Be3
Be6  8. Qd2  Nc6
9. O-O-O  Qd7  10. Kb1
a6  11. Nd4  Nxd4
12. cxd4  d5  13. Bf4
O-O  14. Bd3  Bf6
15. Rhe1  Rac8  16. Be5
Bxe5  17. Rxe5  f6
18. Ree1  Bf7  19. Qf4
Bg6  20. Be2  Rce8
21. Bg4  Qc6  22. Qd2
Qd6  23. g3  c6
24. a3  f5  25. Bf3  f4
26. Rxe8  Rxe8  27. Re1
Rxe1+  28. Qxe1  fxg3
29. fxg3  Qf6  30. Qe3
Qf5  31. Qe2  Qf6
32. Qe3  Qf5  33. Qe2
1/2-1/2

[Event "tht Extraliga 16/17,Labortech Ostrava-Lokomotiva Brno"]
[Site "Ostrava"]
[Date "2017.01.28"]
[Round "5.8"]
[White "Kulovana, Eva"]
[Black "Talla, Vladimir"]
[WhiteElo "2164"]
[BlackElo "2440"]
[Result "1/2-1/2"]

1. e4  c5 2. Nf3  e6  3. d4
cxd4  4. Nxd4  a6
5. Bd3  Nf6  6. Qe2
d6  7. c4  g6
8. Nc3  Bg7  9. Nf3  O-O
10. O-O  Qc7  11. h3
Nbd7  12. Rd1  b6
13. Be3  Bb7  14. Rac1
Rac8  15. Bf4  Rfe8
16. g4  Qb8  17. Bb1
Bf8  18. Rc2  Nc5
19. Rcd2  Qa8  20. Re1
d5  21. cxd5  exd5
22. e5  Nfe4  23. Nxe4
Nxe4  24. Rdd1  f6
25. Qf1  Bc5  26. Bxe4
dxe4  27. Nd2  fxe5
28. Bh6  Bf8  29. Bxf8
Rxf8  30. Nc4  b5
31. Nb6  Qb8  32. Nxc8
Qxc8  33. Re3  Qe6
34. a3  Kg7  35. Qe2
Rf7  36. Re1  Qf6
37. Rc1  Bd5  38. Rec3
Bc4  39. Rxc4  bxc4
40. Rxc4  Qf3  41. Rxe4
Qxe2  42. Rxe2  Kf6
43. Rc2  Rb7  44. Rc6+
Kg5  45. b4  a5
46. Rc4  axb4  47. axb4  Kf6
48. Re4  g5  49. Kg2
Ke6  50. Kg3  Kd5
51. f3  h6  52. h4
Rb6  53. h5  Rb7
54. Kf2  Rb8  55. Ke2
Ra8  56. Re3  Ra2+
57. Kd3  Ra3+  58. Kd2
Ra2+  59. Kc1  1/2-1/2

[Event "tht Extraliga 16/17,SK AD Jicin-Lysa nad Labem B"]
[Site "Jicin"]
[Date "2017.01.28"]
[Round "5.1"]
[White "Oleksiyenko, Mykhaylo"]
[Black "Nguyen, Thai"]
[WhiteElo "2638"]
[BlackElo "2429"]
[Result "1-0"]

1. e4  c5  2. Nf3  d6
3. d4  cxd4  4. Nxd4
Nf6  5. f3  e5
6. Nb3  Be6  7. c4  a5
8. Be3  Be7  9. Nc3
O-O  10. Bd3  Na6
11. O-O  Rc8  12. Nd5
a4  13. Nxe7+  Qxe7
14. Nd2  Nc5  15. Be2
Nfd7  16. b4  axb3
17. axb3  f5  18. exf5
Bxf5  19. Nb1  Ra8
20. Rxa8  Rxa8  21. Nc3
Ra3  22. Nd5  Qe6
23. b4  Nd3  24. Bc1
Nxc1  25. Qxc1  Rb3
26. Qg5  Bg6  27. f4
exf4  28. Bg4  Qe5
29. Qd8+  Nf8  30. Be6+
Qxe6  31. Ne7+  Kf7
32. Rxf4+  Qf6  33. Rxf6+
gxf6  34. Nd5  1-0

[Event "tht Extraliga 16/17,SK AD Jicin-Lysa nad Labem B"]
[Site "Jicin"]
[Date "2017.01.28"]
[Round "5.2"]
[White "Suran, Jan"]
[Black "Socko, Bartosz"]
[WhiteElo "2413"]
[BlackElo "2615"]
[Result "1/2-1/2"]

1. e4  c5  2. Nf3  e6
3. d4  cxd4  4. Nxd4
Nc6  5. Nc3  a6
6. Be2  d6  7. O-O  Nf6
8. f4  Be7  9. Nxc6
bxc6  10. e5  dxe5
11. fxe5  Qxd1  12. Rxd1
Nd7  13. Bf4  Rb8
14. b3  Rb4  15. Bc4
g5  16. Bg3  h5
17. Ne4  h4  18. Be1  Rb8
19. Bc3  Nb6  20. Nd6+
Bxd6  21. exd6  Rg8
22. Bd3  f5  23. Be5
Nd7  24. Bb2  c5
25. Re1  Kf7  26. Rxe6
Kxe6  27. Bc4+  Kxd6
28. Bxg8  Bb7  29. Rd1+
Ke7  30. Bd5  Bxd5
31. Rxd5  Ke6  32. c4
a5  33. Bc1  a4
34. Bxg5  axb3  35. axb3  Rxb3
36. Bxh4  Rc3  37. Bg3
Rxc4  38. Rd6+  Ke7
39. Rc6  f4  40. Bh4+
Kf7  41. Bg5  Rc1+
42. Kf2  Rc2+  43. Kf1
Rc1+  44. Ke2  Rc2+
45. Kf1  Rc1+  46. Ke2
Rc2+  1/2-1/2

[Event "tht Extraliga 16/17,SK AD Jicin-Lysa nad Labem B"]
[Site "Jicin"]
[Date "2017.01.28"]
[Round "5.3"]
[White "Tazbir, Marcin"]
[Black "Londyn, Radek"]
[WhiteElo "2524"]
[BlackElo "2418"]
[Result "1/2-1/2"]

1. e4  c6  2. d4  d5
3. Nc3  dxe4  4. Nxe4
Nf6  5. Nxf6+  exf6
6. Nf3  Bd6  7. Be2
O-O  8. O-O  Re8
9. Re1  Nd7  10. c3
Nf8  11. b4  Ng6
12. a4  Bf5  13. Be3
Nf4  14. Bxf4  Bxf4
15. Bd3  Bg4  16. Rxe8+
Qxe8  17. h3  Bh5
18. a5  Qe7  19. g3
Bh6  20. Bf5  Re8
21. g4  Bg6  22. Qd3
Qd6  23. Kg2  a6
24. Rd1  Bf4  25. Kf1
Kf8  26. Re1  Re6
27. Re4  Bc1  28. Ke1
Qd5  29. Rxe6  fxe6
30. Bxg6  hxg6  31. Kd1
Bf4  32. c4  Qd6
33. Qc3  e5  34. Ke2
e4  35. Nh4  g5
36. Ng2  Kf7  37. Qb2  Qe6
38. Qb3  g6  39. d5
cxd5  40. cxd5  Qe5
41. b5  Qd6  42. Qc4
f5  43. bxa6  bxa6
44. Nxf4  gxf4  45. gxf5
gxf5  46. Qc6  Qe5
47. Qb7+  1/2-1/2

[Event "tht Extraliga 16/17,SK AD Jicin-Lysa nad Labem B"]
[Site "Jicin"]
[Date "2017.01.28"]
[Round "5.4"]
[White "Cerveny, Martin"]
[Black "Bures, Jaroslav"]
[WhiteElo "2395"]
[BlackElo "2386"]
[Result "1/2-1/2"]

1. d4  d5  2. c4  c6
3. e3  Nf6  4. Nf3
g6  5. cxd5  cxd5
6. Bd3  Bg7  7. O-O
O-O  8. Nc3  Nc6
9. h3  b6  10. a3
Bb7  11. b4  Rc8
12. Bb2  e6  13. Qa4
Qd6  14. Rfd1  Rfd8
15. Rac1  a5  16. b5
Ne7  17. Qb3  Ne4
18. a4  Nxc3  19. Rxc3
Rxc3  20. Bxc3  Rc8
21. Bb2  Rc7  22. Rc1
Rxc1+  23. Bxc1  Qc7
24. Ba3  Nc8  25. Qc2
Qxc2  26. Bxc2  Bf8
27. Bxf8  Kxf8  28. g4
h6  29. h4  Nd6
30. Kg2  Kg7  31. Ne5  g5
32. hxg5  hxg5  33. f4
Nc4  34. Nxc4  dxc4+
35. Kg3  f6  36. Kf2
Kf7  37. Ke2  Ke7
38. Bd1  Be4  39. Kd2
Bd3  40. Kc3  Kd6
41. Bf3  Bf1  42. Kd2
Bd3  43. Kc3  Bf1
44. Bd1  Bd3  45. Bf3
Bf1  46. Kd2  1/2-1/2

[Event "tht Extraliga 16/17,SK AD Jicin-Lysa nad Labem B"]
[Site "Jicin"]
[Date "2017.01.28"]
[Round "5.5"]
[White "Kraus, Tomas"]
[Black "Worek, Joanna"]
[WhiteElo "2415"]
[BlackElo "2344"]
[Result "0-1"]

1. d4  Nf6  2. Nf3  e6
3. e3  d5  4. Bd3
Bd6  5. Nbd2  c5
6. b3  Nc6  7. Bb2
O-O  8. O-O  a6
9. c4  b6 10. Qe2  cxd4  11. exd4
Bb7  12. Ne5  Nb4
13. Bb1  Rc8  14. a3
Nc6  15. Rd1  Bb8
16. Nf1  Re8  17. Ng3
Na5  18. Ba2  Qe7
19. c5  bxc5  20. dxc5
Nc6  21. Nxc6  Bxc6
22. b4  Bb7  23. Nh5
Nxh5  24. Qxh5  h6
25. Bb3  Red8  26. Rac1
e5  27. Qe2  Qg5
28. c6  Rxc6  29. Rxc6
Bxc6  30. Qxa6  Rd6
31. b5  Be8  32. Qa8
Rd8  33. Rxd5  Rxd5
34. Qxd5  Qf5  35. Ba2
Ba7  36. Qd2  Bxb5
37. h3  Bc6  38. Bb3
Qe4  39. Kf1  0-1

[Event "tht Extraliga 16/17,SK AD Jicin-Lysa nad Labem B"]
[Site "Jicin"]
[Date "2017.01.28"]
[Round "5.6"]
[White "Spacek, Petr"]
[Black "Rydl, Jiri"]
[WhiteElo "2371"]
[BlackElo "2402"]
[Result "1-0"]

1. d4  e6  2. Nf3  Nf6
3. e3  b6  4. Bd3
Bb7  5. O-O  Be7
6. c4  O-O  7. Nc3
d5  8. Qe2  Ne4
9. Rd1  f5  10. cxd5  exd5
11. Ne5  Nd7  12. f3
Nxc3  13. bxc3  Nxe5
14. dxe5  Bc5  15. f4
Qh4  16. g3  Qe7
17. Bb2  Rad8  18. Kf2
Kh8  19. h4  Qe6
20. a4  a5  21. Ba3
Bxa3  22. Rxa3  Qc6
23. Bb5  Qc5  24. Qb2
Rf7  25. Bf1  Bc8
26. Rb3  Be6  27. Qa3
Qxa3  28. Rxa3  Kg8
29. Bb5  Kf8  30. Bc6
Ke7  31. Raa1  h6
32. Rd4  Rff8  33. Rad1
Rh8  34. Bxd5  Bxd5
35. Rxd5  Rxd5  36. Rxd5
g5  37. c4  gxh4
38. gxh4  Rg8  39. h5
Rg4  40. Rd1  Rh4
41. Rg1  Rxh5  42. Rg7+
Kd8  43. e4  Rh2+
44. Ke3  Rh3+  45. Kd4
c5+  46. Kd5  Rd3+
47. Ke6  fxe4  48. f5
1-0

[Event "tht Extraliga 16/17,SK AD Jicin-Lysa nad Labem B"]
[Site "Jicin"]
[Date "2017.01.28"]
[Round "5.7"]
[White "Svoboda, Vaclav"]
[Black "Petenyi, Tamas"]
[WhiteElo "2426"]
[BlackElo "2438"]
[Result "1/2-1/2"]

1. e4  c5  2. Nf3  d6
3. d4  cxd4  4. Nxd4
Nf6  5. Nc3  a6
6. Be3  e6  7. Be2  Be7
8. f4  O-O  9. Bf3
Nc6  10. Qe2  Qc7
11. O-O-O  Nxd4  12. Rxd4
e5  13. Rdd1  Be6
14. g4  exf4  15. Bxf4
Nd7  16. Nd5  Bxd5
17. Rxd5  Ne5  18. Kb1
Nc4  19. g5  Rfe8
20. Rhd1  Rad8  21. h4
Bf8  22. Qd3  Rb8
23. Qc3  g6  24. R5d4
b5  25. Be2  Bg7
26. Bxc4  bxc4  27. e5
dxe5  28. Rxc4  Qb7
29. Be3  Qf3  30. Qd2
a5  31. b3  e4
32. a4  Qg4  33. Rc7  Rf8
34. Rd7  Qxh4  35. Bc5
e3  36. Qxe3  Qxa4
37. R7d4  Qc6  38. Bxf8
Bxd4  39. Rxd4  Rxf8
40. Qe5  Rc8  41. Rc4
Qh1+  42. Ka2  Rxc4
43. bxc4  Qc1  1/2-1/2

[Event "tht Extraliga 16/17,SK AD Jicin-Lysa nad Labem B"]
[Site "Jicin"]
[Date "2017.01.28"]
[Round "5.8"]
[White "Balacek, Tadeas"]
[Black "Kourousis, Epaminondas"]
[WhiteElo "2332"]
[BlackElo "2383"]
[Result "1/2-1/2"]

1. d4  Nf6  2. c4  e6
3. g3  d5  4. Bg2
Bb4+  5. Bd2  Bd6
6. Nf3  O-O  7. O-O
c6  8. b3  Ne4
9. Bc1  Qe7  10. Bb2  Nd7
11. Nfd2  f5  12. Nxe4
fxe4  13. Nc3  Nf6
14. f3  e5  15. cxd5
exf3  16. exf3  exd4
17. Ne4  Nxe4  18. fxe4
Rxf1+  19. Qxf1  c5
20. Qe2  Bd7  21. Re1
Be5  22. Bc1  b5
23. Bf4  Rc8  24. Rc1
Qd6  25. Bxe5  Qxe5
26. Bf1  a6  27. Qe1
h5  28. Bd3  g5
29. Rc2  Kg7  1/2-1/2

[Event "tht Extraliga 16/17,Rapid Pardubice-Lysa nad Labem A"]
[Site "Pardubice"]
[Date "2017.01.28"]
[Round "5.2"]
[White "Landa, Konstantin"]
[Black "Movsesian, Sergei"]
[WhiteElo "2611"]
[BlackElo "2676"]
[Result "1/2-1/2"]

1. e4  c5  2. Nf3  e6
3. d4  cxd4  4. Nxd4
Nc6  5. Nc3  a6
6. g3  d6  7. Bg2  Bd7
8. O-O  Nf6  9. Re1
Be7  10. Nxc6  Bxc6
11. a4  O-O  12. a5
Rc8  13. Be3  Nd7
14. Na4  f5  15. Nb6
Nxb6  16. Bxb6  Qd7
17. c4  Bd8  18. Bxd8
Rcxd8  19. Qd3  fxe4
20. Bxe4  Bxe4  21. Rxe4
d5  22. cxd5  Qxd5
23. Qxd5  Rxd5  24. b4
Rd2  25. Rf1  Rb2
26. f4  Rc8  27. Rf2
Rc1+  28. Kg2  Rcc2
29. Rxc2  Rxc2+  30. Kf3
Kf7  31. h3  Rc3+
32. Re3  Rc4  33. Re4
Rc3+  34. Re3  Rc4
35. Re4  1/2-1/2

[Event "tht Extraliga 16/17,Rapid Pardubice-Lysa nad Labem A"]
[Site "Pardubice"]
[Date "2017.01.28"]
[Round "5.3"]
[White "Kempinski, Robert"]
[Black "Yemelin, Vasily"]
[WhiteElo "2595"]
[BlackElo "2556"]
[Result "1/2-1/2"]

1. d4  Nf6  2. c4  e6
3. Nf3  b6  4. g3
Bb7  5. Bg2  Be7
6. O-O  O-O  7. Bf4
d5  8. Ne5  Qc8
9. Qa4  dxc4  10. Qxc4  Bxg2
11. Kxg2  Qb7+  12. Kg1
c5  13. dxc5  Rc8
14. Nc3  Rxc5  15. Qd3
g5  16. b4  Rxc3
17. Qxc3  gxf4  18. Rac1
Nbd7  19. Nc6  Kf8
20. gxf4  b5  21. Qf3
Ke8  22. Rfd1  Bf8
23. f5  e5  24. Nxe5
Qxf3  25. Nxf3  Bxb4
26. Rb1  a5  27. Nd4
Ne4  28. Rb3  Ndc5
29. Nxb5  Nxb3  30. Nc7+
Ke7  31. Nxa8  Nc3
32. Rd3  Nxe2+  33. Kf1
Nbd4  34. Nb6  Kf6
35. a3  Bd6  36. Nc4
Bxh2  37. Nxa5  Kxf5
38. Nb3  Be5  39. Nxd4+
Nxd4  40. Rh3  Kg6
41. a4  Nc6  42. Rb3
Bd4  43. Rb5  Kf6
44. a5  Ke6  45. a6
f6  46. Kg2  Kd6
47. Rb7  h6  48. Kg3
Na7  49. f3  Kc6
50. Kg4  Nb5  51. Kh5
Nc7  52. Rb4  1/2-1/2

[Event "tht Extraliga 16/17,Rapid Pardubice-Lysa nad Labem A"]
[Site "Pardubice"]
[Date "2017.01.28"]
[Round "5.4"]
[White "Stocek, Jiri"]
[Black "Votava, Jan"]
[WhiteElo "2557"]
[BlackElo "2532"]
[Result "1-0"]

1. e4  e5  2. Nf3  Nc6
3. Bc4  Nf6  4. d3
Bc5  5. O-O  d6
6. c3  a6  7. Bb3  Ba7
8. h3  Ne7  9. Re1
Ng6  10. Be3  Bxe3
11. Rxe3  O-O  12. d4
Qe7  13. Nbd2  Bd7
14. Bc4  b5  15. Bf1
c5  16. b3  Rac8
17. a4  cxd4  18. cxd4
Rc7  19. axb5  axb5
20. Rc1  Rfc8  21. Rxc7
Rxc7  22. Qa1  Be8
23. Rc3  h6  24. Qc1
Rxc3  25. Qxc3  exd4
26. Qxd4  Ne5  27. Qc3
Nxf3+  28. Qxf3  Qe5
29. Qd3  Bc6  30. b4
g6  31. Nf3  Qf4
32. Nd4  Bxe4  33. Qxb5
Qd2  34. Qb8+  Kg7
35. Qxd6  Bd5  36. Ne6+
Kh7  37. Nf8+  Kg7
38. Ne6+  Kh7  39. Qf4
Qe1  40. Nc7  Nh5
41. Qd4  Be4  42. Qd7
Qxb4  43. Qxf7+  Kh8
44. Ne8  Qa3  45. Nf6
1-0